000 01091cab a2200301 4500
001 ABS59988
008 090401t1999 xxu||||| |||| 00| 0 eng d
035 _a(Sirsi) u91009
041 _aeng
100 _aWhite, G.
245 _aLicence to alter: who`s calling the shots?
260 _c1999
350 _a0
490 _aProperty Week
_v64(4) 29 January 1999, 38-39(2)
520 _aDiscusses the issues surrounding licences or alterations from the point of view of both landlords and tenants. Discusses when such licences should be entered into, the implications of alterations for rent review, and actions which tenants can take if the lease prohibits alterations.
650 _aALTERATIONS
650 _aCOMMERCIAL LEASES
650 _aLANDLORD AND TENANT ACT 1927
650 _aLANDLORD AND TENANT
_96252
650 _aLICENCES TO ALTER
650 _aPRUDENTIAL ASSURANCE CO LTD V MOUNT EDEN LAND LTD
650 _aREINSTATEMENT
650 _aRENT REVIEW
690 _aPROPERTY-LANDLORD AND TENANT
700 _aVivian, J.
942 _n0
948 _c01/02/1999
999 _c57747
_d57747